IFM Opac

Financial Aspects of Supersory Management (Record no. 18146)

MARC details
000 -LEADER
fixed length control field 00379nam a22001577a 4500
020 ## - INTERNATIONAL STANDARD BOOK NUMBER
International Standard Book Number 17 751142 7
082 ## - DEWEY DECIMAL CLASSIFICATION NUMBER
Classification number 658.15 SMI
100 ## - MAIN ENTRY--PERSONAL NAME
Personal name Smith,J.E.
245 ## - TITLE STATEMENT
Title Financial Aspects of Supersory Management
260 ## - PUBLICATION, DISTRIBUTION, ETC.
Place of publication, distribution, etc. Britain
Name of publisher, distributor, etc. Nelson
Date of publication, distribution, etc. 1967
300 ## - PHYSICAL DESCRIPTION
Extent viii,144p.
Other physical details ill:,23cm
500 ## - GENERAL NOTE
General note include index
650 ## - SUBJECT ADDED ENTRY--TOPICAL TERM
Topical term or geographic name entry element The balance Sheet
700 ## - ADDED ENTRY--PERSONAL NAME
Personal name Ray,G.H.
942 ## - ADDED ENTRY ELEMENTS (KOHA)
Koha item type Books
Holdings
Withdrawn status Lost status Source of classification or shelving scheme Damaged status Not for loan Home library Current library Shelving location Date acquired Full call number Barcode Date last seen Price effective from Koha item type
    Dewey Decimal Classification     IFM Main Campus Library IFM Main Campus Library   08/11/2017 658.15 SMI 0000010989 08/11/2017 08/11/2017 Books